00863cam a22003254i 4500003000900000005001700009008004100026035001900067040003300086082001900119100004400138245005100182264005500233300003800288336002100326337002500347338002300372505004600395526001000441526001000451526001000461526001000471526000800481526000800489526000800497526000800505526000800513526000800521526000800529PE-LiUPU20250731173311.0150625s1994 sp r 000 0 spa d a(Sirsi) a36956 aPE-LiUPUbspacPE-LiUPUerda04a281.1bT792211 aTrevijano Etcheverria, Ramón,eautor.10aPatrología /cRamón Trevijano Etchevarria. 1aMadrid :bBiblioteca de autores cristianos,c1994. a277 páginas ;c22 centímetros atext2rdacontent aunmediated2rdamedia avolume2rdacarrier0 aPadres prenicenos -- Padres postinicenos. aSEG42 aSEG41 aSEG40 aSEG39 aP94 aP87 aP86 aP85 aP77 aP76 aP35